The theological significance of Mark 9,1 in the context of discipleship

Saved in:  
Bibliographic Details
Main Author: Sesadima, Silvadima (Author)
Format: Print Book
Language:English
Ancient Greek
Subito Delivery Service: Order now.
Check availability: HBZ Gateway
WorldCat: WorldCat
Interlibrary Loan:Interlibrary Loan for the Fachinformationsdienste (Specialized Information Services in Germany)
Published: 2005
In:Year: 2005
Further subjects:B Thesis
B Bible. Markusevangelium 9,1

MARC

LEADER 00000cam a2200000 c 4500
001 1329237110
003 DE-627
005 20240503201527.0
007 tu
008 061123s2005 xx ||||| m 00| ||eng c
035 |a (DE-627)1329237110 
035 |a (DE-576)259237116 
035 |a (DE-599)BSZ259237116 
035 |a (OCoLC)315587665 
040 |a DE-627  |b ger  |c DE-627  |e rakwb 
041 |a eng  |a grc 
084 |a 1  |2 ssgn 
100 1 |a Sesadima, Silvadima  |4 aut 
245 1 4 |a The theological significance of Mark 9,1 in the context of discipleship  |c Silvadima Sesadima 
264 1 |c 2005 
300 |a 134 S. 
336 |a Text  |b txt  |2 rdacontent 
337 |a ohne Hilfsmittel zu benutzen  |b n  |2 rdamedia 
338 |a Band  |b nc  |2 rdacarrier 
500 |a Teilausg. der Diss 
502 |a Romae, Pontificia Univ. Urbaniana, Diss., 2005 
583 1 |a Archivierung prüfen  |c 20200919  |f DE-640  |z 1  |2 pdager 
583 1 |a Archivierung/Langzeitarchivierung gewährleistet  |f SSG  |x XA-DE-BW  |2 pdager  |5 DE-21 
601 |a Theologe 
630 0 7 |0 (DE-588)4560302-9  |0 (DE-627)305109340  |0 (DE-576)213709627  |a Bibel  |p Markusevangelium  |n 9,1  |2 gnd 
655 7 |a Hochschulschrift  |0 (DE-588)4113937-9  |0 (DE-627)105825778  |0 (DE-576)209480580  |2 gnd-content 
751 |a Rom  |0 (DE-588)4050471-2  |0 (DE-627)106181963  |0 (DE-576)20908751X  |4 uvp 
935 |a mteo 
951 |a BO 
BIR |a 02009001_02009001  |b biblesearch 
ELC |b 1 
ITA |a 1  |t 1 
LOK |0 000 xxxxxcx a22 zn 4500 
LOK |0 001 252126931X 
LOK |0 003 DE-627 
LOK |0 004 1329237110 
LOK |0 005 20100324105958 
LOK |0 008 061123||||||||||||||||ger||||||| 
LOK |0 040   |a DE-21  |c DE-627  |d DE-21 
LOK |0 852   |a DE-21 
LOK |0 852 1  |c US 105.599  |9 00 
LOK |0 935   |a theo 
LOK |0 936ln  |a t2.3 
LOK |0 938   |l 23/11/06  |8 6 
LOK |0 939   |a 23-11-06  |b l01 
ORI |a SA-MARC-ixtheoa001.raw